[Event "EU-ch Blitz"]
[Site "Zagreb"]
[Date "2023.12.16"]
[Round "2"]
[White "Safarli, Eltaj"]
[Black "Nikolic, Nebojsa"]
[Result "1-0"]
[WhiteElo "2609"]
[BlackElo "2245"]
[PlyCount "47"]
[EventDate "2023.12.16"]
[EventType "swiss (blitz)"]
[EventRounds "13"]
[EventCountry "CRO"]
[SourceTitle "CB51_2023"]
[SourceDate "2023.12.20"]
[SourceVersion "1"]
[SourceVersionDate "2023.12.20"]
[SourceQuality "1"]

1. e4 c5 2. Nf3 e6 3. Nc3 a6 4. g3 b5 5. Bg2 Bb7 6. d4 cxd4 7. Nxd4 Nf6 8. 0-0 b4 9. Na4 Bxe4 10. Bxe4 Nxe4 11. Re1 Nc5 12. c4 Nxa4 13. Qxa4 Bc5 14. Be3 Bxd4 15. Bxd4 0-0 16. Bc5 Re8 17. Bxb4 Nc6 18. Bc3 Qb6 19. Rad1 Ra7 20. Rd6 Qc5 21. Red1 Qf5 22. Rxd7 Rxd7 23. Rxd7 Qf3 24. Rd6 1-0

[Event "Hvar op"]
[Site "Hvar"]
[Date "2023.10.21"]
[Round "9"]
[White "Bratosevic, Mladen"]
[Black "Nikolic, Nebojsa"]
[Result "0-1"]
[WhiteElo "1981"]
[BlackElo "2266"]
[PlyCount "31"]
[EventDate "2023.10.15"]
[EventType "swiss"]
[EventRounds "9"]
[EventCountry "CRO"]
[SourceTitle "Mega2024 Update 01"]
[Source "Chessbase"]
[SourceDate "2023.11.12"]
[SourceVersion "1"]
[SourceVersionDate "2023.11.12"]
[SourceQuality "1"]

1. d4 Nf6 2. c4 g6 3. Nc3 Bg7 4. e4 d6 5. f3 0-0 6. Be3 c5 7. dxc5 dxc5 8. e5 Nfd7 9. f4 f6 10. Nf3 fxe5 11. Qd5+ Kh8 12. 0-0-0 exf4 13. Bxc5 Rf5 14. Qe6 Rxc5 15. Ne4 Rf5 16. Nfg5 0-1

[Event "Hvar Arsenal blitz op 2nd"]
[Site "Hvar"]
[Date "2023.10.19"]
[Round "8"]
[White "Novak, Ratko"]
[Black "Nikolic, Nebojsa"]
[Result "0-1"]
[WhiteElo "2073"]
[BlackElo "2236"]
[PlyCount "72"]
[EventDate "2023.10.19"]
[EventType "swiss (blitz)"]
[EventRounds "11"]
[EventCountry "CRO"]
[SourceTitle "Mega2024 Update 01"]
[Source "Chessbase"]
[SourceDate "2023.11.12"]
[SourceVersion "1"]
[SourceVersionDate "2023.11.12"]
[SourceQuality "1"]

1. d4 d5 2. c4 e6 3. Nc3 c5 4. e3 Nc6 5. Nf3 Nf6 6. Be2 Be7 7. 0-0 0-0 8. a3 a6 9. cxd5 exd5 10. dxc5 Bxc5 11. b4 Bd6 12. Bb2 Re8 13. Kh1 Bg4 14. Nxd5 Ne4 15. b5 axb5 16. Bxb5 Bxf3 17. Qxf3 Nd2 18. Qg4 Ne5 19. Qh3 Re6 20. Rfd1 Rh6 21. Qg3 Ne4 22. Qf4 Rh4 23. Nf6+ Qxf6 24. Qxf6 gxf6 25. Kg1 Bc5 26. Rd5 Ng4 27. h3 Ngxf2 28. Bxf6 Nxf6 29. Rxc5 N2e4 30. Rf5 Rh5 31. Rxh5 Nxh5 32. a4 Nhf6 33. Rc1 Rd8 34. Rc7 b6 35. Bc4 Rd1+ 36. Kh2 Nd6 0-1

[Event "Vojvodina op 13th"]
[Site "Novi Sad"]
[Date "2023.07.03"]
[Round "7"]
[White "Nikolic, Nebojsa"]
[Black "Atalik, Suat"]
[Result "1/2-1/2"]
[WhiteElo "2292"]
[BlackElo "2438"]
[PlyCount "113"]
[EventDate "2023.06.29"]
[EventType "swiss"]
[EventRounds "9"]
[EventCountry "SRB"]
[SourceTitle "CBM 215 Extra"]
[Source "ChessBase"]
[SourceDate "2023.09.30"]
[SourceVersion "1"]
[SourceVersionDate "2023.09.30"]
[SourceQuality "1"]

1. d4 Nf6 2. Bf4 d5 3. e3 c5 4. c3 Nc6 5. Nd2 g6 6. Ngf3 Qb6 7. Qb3 c4 8. Qc2 Bf5 9. Qc1 Nh5 10. Bg3 Nxg3 11. hxg3 Qd8 12. Nh4 Bd7 13. e4 e6 14. Nhf3 b5 15. Be2 b4 16. Nf1 bxc3 17. bxc3 dxe4 18. N3d2 f5 19. Nxc4 Bg7 20. Nd6+ Kf8 21. Ne3 Rb8 22. g4 h5 23. gxh5 gxh5 24. Bxh5 Qe7 25. Nec4 Bh6 26. Qa3 Bf4 27. Rh3 Nb4 28. cxb4 Bxd6 29. Nxd6 Qxd6 30. Qxa7 Qxb4+ 31. Kf1 Ke7 32. Kg1 Rbg8 33. Qc7 Qd6 34. Qc3 f4 35. Bg4 f3 36. Rxh8 Rxh8 37. Qc5 Qxc5 38. dxc5 Rg8 39. Bh3 e5 40. Bxd7 Rxg2+ 41. Kf1 Kxd7 42. a4 Kc6 43. a5 Rh2 44. Kg1 Rh8 45. Ra4 Rg8+ 46. Kf1 Kxc5 47. Rxe4 Kd5 48. Ra4 Kc5 49. a6 Kb5 50. Re4 Kxa6 51. Rxe5 Rh8 52. Ke1 Rh1+ 53. Kd2 Rf1 54. Ke3 Re1+ 55. Kf4 Re2 56. Re3 Rxf2 57. Rxf3 1/2-1/2

[Event "MNT-chT"]
[Site "Herceg Novi"]
[Date "2023.05.06"]
[Round "7.3"]
[White "Nikolic, Nebojsa"]
[Black "Pajkovic, Vladimir"]
[Result "0-1"]
[WhiteElo "2315"]
[BlackElo "2408"]
[PlyCount "84"]
[EventDate "2023.05.01"]
[EventType "team-tourn"]
[EventRounds "9"]
[EventCountry "MNE"]
[SourceTitle "CBM 214 Extra"]
[Source "ChessBase"]
[SourceDate "2023.07.31"]
[SourceVersion "1"]
[SourceVersionDate "2023.07.31"]
[SourceQuality "1"]
[WhiteTeam "Herceg Novi"]
[BlackTeam "Buducnost"]
[WhiteTeamCountry "MNE"]
[BlackTeamCountry "MNE"]

1. d4 d5 2. Nf3 Nf6 3. Bf4 c5 4. e3 Nc6 5. Nbd2 Nh5 6. Bg5 h6 7. Bh4 g5 8. Ne5 Nxe5 9. Qxh5 Bg4 10. Bb5+ Qd7 11. Bxd7+ Kxd7 12. Qxg4+ Nxg4 13. Bg3 cxd4 14. exd4 h5 15. h3 Nh6 16. Nb3 Nf5 17. Bh2 b6 18. c3 e6 19. Ke2 Be7 20. a4 a5 21. Nc1 Nh4 22. Rg1 f6 23. Nd3 Rac8 24. Rac1 Rc6 25. g4 Ng6 26. Rh1 e5 27. f3 hxg4 28. dxe5 Rxh3 29. fxg4 fxe5 30. Nf2 Rh6 31. Bg3 Nf4+ 32. Kd2 e4 33. Rxh6 Rxh6 34. Rh1 Rxh1 35. Nxh1 Bc5 36. Bf2 Nd3 37. Bxc5 bxc5 38. b3 Ke6 39. Ng3 Ne5 40. b4 cxb4 41. cxb4 axb4 42. a5 Nc4+ 0-1

[Event "MNT-chT"]
[Site "Herceg Novi"]
[Date "2023.05.01"]
[Round "1.5"]
[White "Pekic, Momcilo"]
[Black "Nikolic, Nebojsa"]
[Result "0-1"]
[WhiteElo "1723"]
[BlackElo "2315"]
[PlyCount "58"]
[EventDate "2023.05.01"]
[EventType "team-tourn"]
[EventRounds "9"]
[EventCountry "MNE"]
[SourceTitle "CBM 214 Extra"]
[Source "ChessBase"]
[SourceDate "2023.07.31"]
[SourceVersion "1"]
[SourceVersionDate "2023.07.31"]
[SourceQuality "1"]
[WhiteTeam "Dama"]
[BlackTeam "Herceg Novi"]
[WhiteTeamCountry "MNE"]
[BlackTeamCountry "MNE"]

1. e4 c5 2. Nf3 d6 3. d4 cxd4 4. Nxd4 Nf6 5. Nc3 a6 6. Be3 Ng4 7. Bg5 h6 8. Bh4 g5 9. Bg3 Bg7 10. Be2 h5 11. h4 Nc6 12. Nb3 gxh4 13. Bxh4 Be6 14. Qd2 Rc8 15. f3 Nge5 16. Nd5 b5 17. Bf2 Nc4 18. Bxc4 bxc4 19. Nd4 Bxd5 20. exd5 c3 21. bxc3 Ne5 22. Nf5 Nxf3+ 23. gxf3 Bxc3 24. Qxc3 Rxc3 25. Bd4 Qa5 26. Nxd6+ exd6 27. Bxh8 Rxc2+ 28. Kf1 Qb5+ 29. Kg1 Qb6+ 0-1

[Event "Djenovici TS04 IM 4th"]
[Site "Djenovici"]
[Date "2023.04.21"]
[Round "7"]
[White "Nikolic, Nebojsa"]
[Black "Tomic, Aleksandar1111"]
[Result "1-0"]
[WhiteElo "2315"]
[BlackElo "2396"]
[PlyCount "111"]
[EventDate "2023.04.15"]
[EventType "tourn"]
[EventRounds "9"]
[EventCountry "MNE"]
[EventCategory "1"]
[SourceTitle "EXT 2024"]
[Source "ChessBase"]
[SourceDate "2023.10.10"]
[SourceVersion "1"]
[SourceVersionDate "2023.10.10"]
[SourceQuality "1"]

1. d4 Nf6 2. Nf3 b6 3. Bf4 Bb7 4. h3 g6 5. e3 Bg7 6. Be2 0-0 7. 0-0 d6 8. c3 Nbd7 9. Nbd2 Qe8 10. Nc4 Ne4 11. Bh2 e5 12. a4 a6 13. Qc2 Qe7 14. Rfd1 Kh8 15. Ne1 f5 16. Bf3 exd4 17. cxd4 Ndf6 18. Nd2 g5 19. Rac1 Rac8 20. Nxe4 fxe4 21. Be2 Nd5 22. Bg3 a5 23. Bc4 Nb4 24. Qb3 d5 25. Be2 c5 26. Nc2 c4 27. Qa3 Rf7 28. Bh5 Bf8 29. Bxf7 Qxf7 30. Nxb4 axb4 31. Qa2 b3 32. Qb1 Qd7 33. f3 Kg8 34. fxe4 dxe4 35. Rd2 Bd5 36. Rf1 Be7 37. Rdf2 c3 38. bxc3 Rxc3 39. Be5 h6 40. Qd1 Qc6 41. Qh5 Rc1 42. Rxc1 Qxc1+ 43. Kh2 Qc6 44. h4 Bd8 45. g3 Be7 46. hxg5 Bxg5 47. Bf4 Bf7 48. Qg4 Be6 49. Qe2 Bc4 50. Qd2 Be7 51. a5 Ba3 52. Be5 Bd5 53. Qd1 Qd7 54. axb6 b2 55. Rf1 Bc4 56. b7 1-0

[Event "Djenovici TS03 IM Oct"]
[Site "Djenovici"]
[Date "2022.10.18"]
[Round "4"]
[White "Astanovsky, Kirill"]
[Black "Nikolic, Nebojsa"]
[Result "0-1"]
[WhiteElo "2053"]
[BlackElo "2310"]
[PlyCount "56"]
[EventDate "2022.10.15"]
[EventType "tourn"]
[EventRounds "9"]
[EventCountry "MNE"]
[EventCategory "1"]
[SourceTitle "CBM 210 Extra"]
[Source "ChessBase"]
[SourceDate "2022.11.30"]
[SourceVersion "1"]
[SourceVersionDate "2022.11.30"]
[SourceQuality "1"]

1. d4 Nf6 2. Nc3 d5 3. Bf4 a6 4. e3 e6 5. Bd3 c5 6. dxc5 Bxc5 7. a3 Nc6 8. Nf3 b5 9. e4 b4 10. axb4 Nxb4 11. exd5 Nfxd5 12. Be4 Ra7 13. Be5 Rd7 14. Nxd5 Nxd5 15. Qc1 0-0 16. 0-0 Bb7 17. Bd4 Bxd4 18. Nxd4 e5 19. Ne2 f5 20. Bd3 Rf6 21. Qg5 Qf8 22. Rfd1 Rg6 23. Qd2 Kh8 24. g3 e4 25. Bc4 f4 26. Bxd5 e3 27. fxe3 Rxd5 28. Qb4 Qxb4 0-1

[Event "MNT Team Cup"]
[Site "Herceg Novi"]
[Date "2022.05.23"]
[Round "5.2"]
[White "Milosevic, Milos"]
[Black "Nikolic, Nebojsa"]
[Result "0-1"]
[WhiteElo "2288"]
[BlackElo "2315"]
[PlyCount "35"]
[EventDate "2022.05.20"]
[EventType "swiss"]
[EventRounds "5"]
[EventCountry "MNE"]
[SourceTitle "CBM 208 Extra"]
[Source "ChessBase"]
[SourceDate "2022.07.31"]
[SourceVersion "1"]
[SourceVersionDate "2022.07.31"]
[SourceQuality "1"]

1. e4 c5 2. Nc3 a6 3. Nge2 b5 4. g3 Bb7 5. Bg2 e6 6. 0-0 Nf6 7. d4 cxd4 8. Nxd4 b4 9. Na4 Bxe4 10. Bxe4 Nxe4 11. c3 bxc3 12. Rb1 Nf6 13. Qf3 d5 14. bxc3 Qa5 15. Nb2 Nbd7 16. Bf4 Rc8 17. Qe2 Bc5 18. Nb3 0-1

[Event "MNT Team Cup"]
[Site "Herceg Novi"]
[Date "2022.05.22"]
[Round "4.2"]
[White "Nikolic, Nebojsa"]
[Black "Perosevic, Aleksandar"]
[Result "1-0"]
[WhiteElo "2315"]
[BlackElo "2087"]
[PlyCount "61"]
[EventDate "2022.05.20"]
[EventType "swiss"]
[EventRounds "5"]
[EventCountry "MNE"]
[SourceTitle "CBM 208 Extra"]
[Source "ChessBase"]
[SourceDate "2022.07.31"]
[SourceVersion "1"]
[SourceVersionDate "2022.07.31"]
[SourceQuality "1"]

1. d4 Nf6 2. Bf4 c5 3. e3 g6 4. Nd2 cxd4 5. exd4 Bg7 6. Ngf3 0-0 7. h3 Nc6 8. c3 d6 9. Bh2 e5 10. Nc4 exd4 11. cxd4 Ne4 12. Be2 d5 13. Nce5 Qa5+ 14. Kf1 Qb6 15. Qb3 Qxd4 16. Nxd4 Nd2+ 17. Ke1 Nxb3 18. Nexc6 Nxa1 19. Ne5 Re8 20. f4 g5 21. Kd2 gxf4 22. Nef3 Re4 23. Bg1 Bd7 24. Bf2 Nb3+ 25. axb3 a6 26. Rc1 Rc8 27. Rxc8+ Bxc8 28. Bd3 h6 29. Bg1 Re8 30. Bf2 Re4 31. Kc3 1-0

[Event "Djenovici TS03 IM"]
[Site "Djenovici"]
[Date "2022.03.23"]
[Round "5"]
[White "Nikolic, Nebojsa"]
[Black "Thing, Bibek"]
[Result "0-1"]
[WhiteElo "2330"]
[BlackElo "2193"]
[PlyCount "80"]
[EventDate "2022.03.19"]
[EventType "tourn"]
[EventRounds "9"]
[EventCountry "MNE"]
[EventCategory "1"]
[SourceTitle "EXT 2023"]
[Source "ChessBase"]
[SourceDate "2022.10.05"]
[SourceVersion "1"]
[SourceVersionDate "2022.10.05"]
[SourceQuality "1"]

1. d4 d5 2. Bf4 Nf6 3. e3 c5 4. c3 Nc6 5. Nd2 Bf5 6. Qb3 Qd7 7. a4 e6 8. Ngf3 c4 9. Qa2 Bd6 10. Be2 0-0 11. 0-0 Ne4 12. Nxe4 Bxe4 13. Nd2 Bxf4 14. exf4 Bg6 15. Rfe1 Qc7 16. g3 Na5 17. Bd1 Rfb8 18. Nf1 a6 19. Ne3 b5 20. f5 Bxf5 21. Nxf5 exf5 22. Bf3 Nb3 23. Rad1 Rd8 24. Re5 Qc6 25. Qa3 g6 26. Qe7 Rd7 27. Qh4 Kg7 28. Qf4 bxa4 29. Rde1 Rad8 30. h4 Qf6 31. Re8 Qd6 32. Qxd6 Rxd6 33. Rxd8 Rxd8 34. Re5 Nc1 35. Rxd5 Rxd5 36. Bxd5 Nd3 37. Bxc4 Nxb2 38. Ba2 a3 39. c4 Na4 40. c5 Kf8 0-1

[Event "Djenovici TS11 GM"]
[Site "Djenovici"]
[Date "2018.11.25"]
[Round "9"]
[White "Akshat, Khamparia"]
[Black "Nikolic, Nebojsa"]
[Result "1-0"]
[WhiteElo "2399"]
[BlackElo "2326"]
[PlyCount "131"]
[EventDate "2018.11.17"]
[EventType "tourn"]
[EventRounds "9"]
[EventCountry "MNE"]
[EventCategory "6"]
[SourceTitle "CBM 187 Extra"]
[Source "ChessBase"]
[SourceDate "2018.11.04"]
[SourceVersion "1"]
[SourceVersionDate "2018.11.04"]
[SourceQuality "1"]

1. d4 Nf6 2. c4 g6 3. Nc3 Bg7 4. e4 d6 5. Be2 0-0 6. Be3 e5 7. d5 c6 8. g4 cxd5 9. cxd5 Na6 10. f3 Ne8 11. h4 f5 12. g5 Nc5 13. b4 Nd7 14. Qb3 a5 15. Rb1 axb4 16. Qxb4 Nc5 17. Kd2 fxe4 18. fxe4 Rf4 19. Bf3 h6 20. Nge2 hxg5 21. hxg5 Rxf3 22. Qb6 Qxb6 23. Rxb6 Nd3 24. Kxd3 Bf8 25. Kd2 Be7 26. Rbb1 Ng7 27. Rbf1 Rxf1 28. Rxf1 Bd8 29. Rb1 Nh5 30. Rb2 Kf8 31. Nb5 Ke7 32. Na7 Kd7 33. Nb5 Ra4 34. Nbc3 Ra6 35. Kd3 Kc7 36. a4 Kb8 37. Rb4 Bh3 38. Rb1 Ba5 39. Rh1 Bg4 40. Rf1 Bxe2+ 41. Nxe2 Bb6 42. Bxb6 Rxb6 43. Rf8+ Kc7 44. Rf7+ Kd8 45. Nc3 Rb4 46. Nb5 Nf4+ 47. Ke3 Rxa4 48. Nxd6 Ra3+ 49. Kd2 b6 50. Nb7+ Ke8 51. Nd6+ Kd8 52. Nb7+ Ke8 53. Rc7 Rd3+ 54. Kc2 Rd4 55. d6 Kf8 56. Rc8+ Kf7 57. Nd8+ Ke8 58. Nb7+ Kf7 59. Rc7+ Kf8 60. Rh7 Ne6 61. d7 b5 62. Kb3 b4 63. Ka4 Rd1 64. Rh8+ Ke7 65. d8Q+ Nxd8 66. Rxd8 1-0

[Event "Djenovici TS11 GM"]
[Site "Djenovici"]
[Date "2018.11.22"]
[Round "6"]
[White "Nikolic, Nebojsa"]
[Black "Drasko, Milan"]
[Result "1/2-1/2"]
[WhiteElo "2326"]
[BlackElo "2434"]
[PlyCount "74"]
[EventDate "2018.11.17"]
[EventType "tourn"]
[EventRounds "9"]
[EventCountry "MNE"]
[EventCategory "6"]
[SourceTitle "CBM 187 Extra"]
[Source "ChessBase"]
[SourceDate "2018.11.04"]
[SourceVersion "1"]
[SourceVersionDate "2018.11.04"]
[SourceQuality "1"]

1. c4 e6 2. Nc3 Bb4 3. Nf3 Nf6 4. g4 d6 5. g5 Nfd7 6. Qc2 b6 7. Ne4 d5 8. cxd5 exd5 9. b3 0-0 10. Nf6+ Nxf6 11. gxf6 Qxf6 12. Bb2 Bf5 13. Qc1 Qe7 14. Rg1 Bg6 15. h4 f6 16. h5 Bxh5 17. Nh4 Qd7 18. a3 Bd6 19. Qc2 Nc6 20. Nf5 Bg6 21. Bh3 Qe8 22. 0-0-0 Ne7 23. Rg2 Nxf5 24. Bxf5 Bxf5 25. Qxf5 Qe4 26. Qh3 Be5 27. d4 Bf4+ 28. e3 Bh6 29. Rg4 Bxe3+ 30. fxe3 Qe7 31. Rh1 g5 32. e4 f5 33. exf5 Rxf5 34. Qg3 Raf8 35. Re1 Qg7 36. Re5 Rf1+ 37. Kd2 h6 1/2-1/2

[Event "Djenovici TS11 GM"]
[Site "Djenovici"]
[Date "2018.11.19"]
[Round "3"]
[White "Nikolic, Nebojsa"]
[Black "Pikula, Dejan"]
[Result "0-1"]
[WhiteElo "2326"]
[BlackElo "2485"]
[PlyCount "82"]
[EventDate "2018.11.17"]
[EventType "tourn"]
[EventRounds "9"]
[EventCountry "MNE"]
[EventCategory "6"]
[SourceTitle "CBM 187 Extra"]
[Source "ChessBase"]
[SourceDate "2018.11.04"]
[SourceVersion "1"]
[SourceVersionDate "2018.11.04"]
[SourceQuality "1"]

1. Nf3 Nf6 2. g3 d5 3. Bg2 c6 4. b3 Bg4 5. Bb2 Nbd7 6. d3 Qc7 7. h3 Bh5 8. c4 dxc4 9. bxc4 e5 10. 0-0 Bd6 11. Nbd2 0-0 12. Qc2 Rfe8 13. Rae1 Rad8 14. Nh4 Nc5 15. Nf5 Bf8 16. Nb3 Bg6 17. Nh4 Nxb3 18. Qxb3 Bh5 19. g4 Bg6 20. Nxg6 hxg6 21. e3 Bc5 22. Kh1 a6 23. g5 Nh7 24. f4 exf4 25. Qc3 Bf8 26. exf4 Rxe1 27. Qxe1 Rxd3 28. Qe2 Qd7 29. Rf2 Bc5 30. Rf3 Rxf3 31. Qxf3 Qd2 32. Qc3 Qd1+ 33. Kh2 Qg1+ 34. Kg3 Qf2+ 35. Kh2 Qxf4+ 36. Kh1 Bf8 37. Bc1 Qf2 38. Be3 Qg3 39. Qd2 Bd6 40. Kg1 Be7 41. Bf4 Bxg5 0-1

[Event "Djenovici TS11 GM"]
[Site "Djenovici"]
[Date "2018.11.18"]
[Round "2"]
[White "Audi, Ameya"]
[Black "Nikolic, Nebojsa"]
[Result "1-0"]
[WhiteElo "2347"]
[BlackElo "2326"]
[PlyCount "99"]
[EventDate "2018.11.17"]
[EventType "tourn"]
[EventRounds "9"]
[EventCountry "MNE"]
[EventCategory "6"]
[SourceTitle "CBM 187 Extra"]
[Source "ChessBase"]
[SourceDate "2018.11.04"]
[SourceVersion "1"]
[SourceVersionDate "2018.11.04"]
[SourceQuality "1"]

1. e4 c5 2. Nf3 e6 3. d4 cxd4 4. Nxd4 a6 5. c4 Nf6 6. Nc3 Qc7 7. a3 b6 8. Be3 Bb7 9. f3 d6 10. Be2 Nbd7 11. Qd2 Be7 12. 0-0 0-0 13. Rfc1 Rfc8 14. a4 Rab8 15. Nd1 Qd8 16. Nf2 Qf8 17. Bf1 Ne5 18. Qe2 Nfd7 19. a5 bxa5 20. Rxa5 Bd8 21. Raa1 a5 22. Nb3 Bxe4 23. Nxa5 Ba8 24. Ba7 Rb4 25. Qd2 Bxa5 26. Rxa5 Rb3 27. Ra6 Rc6 28. Rxc6 Bxc6 29. Rc3 Rb7 30. Bd4 Qb8 31. Ra3 Nc5 32. Qe3 Ned7 33. f4 f6 34. Bc3 Rb3 35. Rxb3 Qxb3 36. Be2 e5 37. fxe5 Nxe5 38. Qd4 Qb8 39. b4 Ne6 40. Qd2 Ng6 41. b5 Bb7 42. Bb4 Nc5 43. Qd4 Qe8 44. Qxd6 Qxe2 45. Qxc5 h5 46. Qc7 Bxg2 47. Qd8+ Kh7 48. Qd3 Bf1 49. b6 Qb2 50. Qd2 1-0

[Event "MNT-chT"]
[Site "Niksic"]
[Date "2018.08.11"]
[Round "5.3"]
[White "Nikolic, Nebojsa"]
[Black "Vuckovic, Marko1111"]
[Result "1-0"]
[WhiteElo "2328"]
[BlackElo "2088"]
[PlyCount "126"]
[EventDate "2018.08.07"]
[EventType "team-tourn"]
[EventRounds "9"]
[EventCountry "MNE"]
[SourceTitle "CBM 186 Extra"]
[Source "ChessBase"]
[SourceDate "2018.08.24"]
[SourceVersion "1"]
[SourceVersionDate "2018.08.24"]
[SourceQuality "1"]
[WhiteTeam "Rokada"]
[BlackTeam "Omladinac Buducnost"]
[WhiteTeamCountry "MNE"]
[BlackTeamCountry "MNE"]

1. f4 d5 2. Nf3 c5 3. e3 Nf6 4. d4 g6 5. c3 Bg7 6. Bd3 0-0 7. 0-0 b6 8. Qe2 Bb7 9. Bd2 Nc6 10. Be1 Qd6 11. Nbd2 cxd4 12. exd4 Qxf4 13. Ne5 Qh6 14. Bg3 Nh5 15. Ndf3 Nxg3 16. hxg3 Nxe5 17. dxe5 Bc8 18. Nd4 Qg5 19. Rae1 Qxg3 20. Nc6 Re8 21. Qd2 Bg4 22. Qg5 f6 23. exf6 exf6 24. Qxd5+ Kh8 25. Rxe8+ Rxe8 26. Bc4 Qe3+ 27. Rf2 Be6 28. Qb5 Bxc4 29. Qxc4 Qc1+ 30. Rf1 Qxb2 31. Nxa7 f5 32. Nb5 Qd2 33. Qc6 Qe3+ 34. Kh1 Qh6+ 35. Kg1 Qe3+ 36. Kh1 Rf8 37. a4 Be5 38. Rd1 Qh6+ 39. Kg1 Qh2+ 40. Kf1 Qh1+ 41. Ke2 Qh4 42. Rd7 Qxa4 43. Qxb6 Qe4+ 44. Kf1 f4 45. Qb7 Qxb7 46. Rxb7 Rc8 47. Ke2 Bxc3 48. Nd6 Rc5 49. Kf3 Bd4 50. Nf7+ Kg7 51. Ng5+ Kh6 52. Ne6 Rc3+ 53. Kxf4 g5+ 54. Kf5 Be3 55. Nf8 Rc5+ 56. Ke4 Kh5 57. Kxe3 Rc2 58. Kf3 h6 59. g4+ Kh4 60. Ng6+ Kh3 61. Ne5 Rc3+ 62. Ke4 Ra3 63. Kf5 Ra6 1-0

[Event "Djenovici TS12"]
[Site "Djenovici"]
[Date "2017.12.22"]
[Round "6"]
[White "Nikolic, Nebojsa"]
[Black "Lazarevic, Zoran"]
[Result "1-0"]
[WhiteElo "2334"]
[BlackElo "1857"]
[PlyCount "119"]
[EventDate "2017.12.16"]
[EventType "tourn"]
[EventRounds "9"]
[EventCountry "MNE"]
[SourceTitle "CBM 182 Extra"]
[Source "ChessBase"]
[SourceDate "2018.02.23"]
[SourceVersion "1"]
[SourceVersionDate "2018.02.23"]
[SourceQuality "1"]

1. d4 d5 2. Bf4 Nf6 3. e3 e6 4. Nd2 c5 5. c3 Nc6 6. Ngf3 Bd6 7. Bg3 0-0 8. Bd3 Ne7 9. Ne5 b6 10. 0-0 Bb7 11. Qb1 h6 12. f4 a6 13. Bh4 Nd7 14. Ndf3 f5 15. Ng6 Qe8 16. Nxf8 Nxf8 17. Bxe7 Qxe7 18. Qe1 c4 19. Bc2 Nd7 20. Ne5 Nf6 21. Qh4 Re8 22. Rf3 b5 23. h3 Ne4 24. Qh5 Bxe5 25. fxe5 Rf8 26. Bxe4 dxe4 27. Rf2 Bc6 28. b3 Qa3 29. Qd1 Bd5 30. bxc4 Bxc4 31. Qc1 Qe7 32. a4 Qh4 33. axb5 axb5 34. Qe1 Kh7 35. Re2 Qh5 36. Rb2 Rf7 37. Qf2 g5 38. d5 Bxd5 39. Rxb5 f4 40. Kh2 fxe3 41. Qxe3 g4 42. Rc1 gxh3 43. Qxh3 Qxe5+ 44. Qg3 Qh5+ 45. Kg1 Rg7 46. Qe3 Qg4 47. Rb2 Bc4 48. Rf2 h5 49. Re1 Bd3 50. Ra1 h4 51. Ra7 Qg3 52. Qxg3 hxg3 53. Rxg7+ Kxg7 54. Rf4 e5 55. Rg4+ Kf6 56. Rxg3 Ke6 57. Kf2 Kd5 58. Rg7 Kc4 59. Rc7+ Kb3 60. Ke3 1-0

[Event "MNT-chT"]
[Site "Montenegro"]
[Date "2017.09.28"]
[Round "6.1"]
[White "Nikolic, Nebojsa"]
[Black "Tomic, Aleksandar"]
[Result "0-1"]
[WhiteElo "2343"]
[BlackElo "2251"]
[PlyCount "68"]
[EventDate "2017.09.23"]
[EventType "team"]
[EventRounds "9"]
[EventCountry "MNE"]
[SourceTitle "EXT 2019"]
[Source "ChessBase"]
[SourceDate "2018.10.10"]
[SourceVersion "1"]
[SourceVersionDate "2018.10.10"]
[SourceQuality "1"]
[WhiteTeam "Rokada"]
[BlackTeam "Mladost"]
[WhiteTeamCountry "MNE"]
[BlackTeamCountry "MNE"]

1. e4 c5 2. Nc3 a6 3. d3 b5 4. g4 Bb7 5. Bg2 e6 6. Nge2 b4 7. Nb1 d5 8. Ng3 Ne7 9. 0-0 Ng6 10. f4 Nh4 11. Bh1 dxe4 12. Bxe4 Bxe4 13. Nxe4 Qd4+ 14. Kh1 h5 15. f5 hxg4 16. fxe6 f5 17. c3 Qd5 18. Qa4+ Nc6 19. c4 Qxe6 20. Ng5 Qd7 21. Nc3 bxc3 22. Bf4 Bd6 23. Rae1+ Ne7 24. Bxd6 Nhg6 25. Rxe7+ Nxe7 26. Re1 0-0-0 27. Qxa6+ Qb7+ 28. Qxb7+ Kxb7 29. Bxe7 Rxd3 30. bxc3 Rd2 31. Bxc5 Rdxh2+ 32. Kg1 Rh1+ 33. Kf2 g3+ 34. Ke2 Re8+ 0-1

[Event "MNT-chT"]
[Site "Montenegro"]
[Date "2017.09.24"]
[Round "2.4"]
[White "Kalezic, Blazo"]
[Black "Nikolic, Nebojsa"]
[Result "1-0"]
[WhiteElo "2465"]
[BlackElo "2343"]
[PlyCount "88"]
[EventDate "2017.09.23"]
[EventType "team"]
[EventRounds "9"]
[EventCountry "MNE"]
[SourceTitle "CBM 180 Extra"]
[Source "ChessBase"]
[SourceDate "2017.10.06"]
[SourceVersion "1"]
[SourceVersionDate "2017.10.06"]
[SourceQuality "1"]
[WhiteTeam "Buducnost"]
[BlackTeam "Rokada"]
[WhiteTeamCountry "MNE"]
[BlackTeamCountry "MNE"]

1. e4 c5 2. Nf3 d6 3. c3 Nf6 4. Bd3 g6 5. h3 Bg7 6. 0-0 0-0 7. Bc2 Qc7 8. d4 Nbd7 9. Re1 e5 10. a4 Nh5 11. Na3 a6 12. dxc5 Nxc5 13. Nc4 Ne6 14. b3 Rd8 15. a5 Rb8 16. Be3 Nc5 17. b4 Be6 18. Nb6 Nd7 19. Bb3 Qxc3 20. Bxe6 fxe6 21. Qxd6 Nf8 22. Qc5 Qxc5 23. bxc5 Nf6 24. Ra4 Ne8 25. Rb4 Nc7 26. Nc4 Nb5 27. Ncxe5 Rbc8 28. Bg5 Re8 29. Rc4 h6 30. Be3 Red8 31. Rec1 Nd7 32. Nxg6 Kf7 33. Nf4 Nb8 34. e5 Nc6 35. Nh5 Bxe5 36. Rg4 Rd5 37. Nxe5+ Rxe5 38. Rg7+ Kf8 39. Rh7 Rxh5 40. Rh8+ Kg7 41. Rxc8 Nxa5 42. Rd1 Rd5 43. Rxd5 exd5 44. Rd8 Nc3 1-0

[Event "Skopje Karposh op"]
[Site "Skopje"]
[Date "2017.04.07"]
[Round "8"]
[White "Livaic, Leon"]
[Black "Nikolic, Nebojsa"]
[Result "1-0"]
[WhiteElo "2460"]
[BlackElo "2379"]
[PlyCount "81"]
[EventDate "2017.04.01"]
[EventType "swiss"]
[EventRounds "9"]
[EventCountry "MKD"]
[SourceTitle "CBM 177 Extra"]
[Source "ChessBase"]
[SourceDate "2017.04.27"]
[SourceVersion "1"]
[SourceVersionDate "2017.04.27"]
[SourceQuality "1"]

1. d4 Nf6 2. c4 g6 3. Nc3 Bg7 4. e4 d6 5. Be2 0-0 6. Be3 e5 7. d5 Na6 8. g4 Nc5 9. Bf3 c6 10. h4 cxd5 11. cxd5 Qa5 12. Kf1 Qb4 13. Kg2 Qxb2 14. Rc1 Bd7 15. g5 Nh5 16. Bxh5 gxh5 17. Bxc5 dxc5 18. Nge2 b5 19. Rb1 Qa3 20. Nxb5 Qxa2 21. Ra1 Qb2 22. Nd6 f6 23. Rb1 Qa3 24. Ng3 fxg5 25. Ndf5 g4 26. Rb7 Rf7 27. Rb3 Qa2 28. Qd3 Bf8 29. Rhb1 c4 30. Qxc4 Rc8 31. Qd3 Rc2 32. Qe3 Bxf5 33. exf5 h6 34. Rb8 Qxd5+ 35. Kg1 Kh7 36. Ne4 Bc5 37. Rh8+ Kxh8 38. Qxh6+ Kg8 39. Rb8+ Rf8 40. Nf6+ Kf7 41. Qg6+ 1-0